000 01208nam2a22002531 4500
001 rc\57352
005 20250620200204.0
010 _a5-280-02841-X
_910000
035 _a(NLR Aleph) 005399735
090 _a7263087
_c7263087
100 _a20021216d1996 |||y0rusy50 ca
101 0 _arus
102 _aRU
105 _ay |||||||||
200 1 _aОдноэтажная Америка
_aТоня
_aОчерки (1935-1936)
_f[Комментарии Б. Галанова]
210 _d1996
_aБ. м.
215 _a461, [2] с.
_d21
320 _aБиблиогр. в примеч.: с. 447-462
461 0 _1001rc\57348
_12001#$aСобрание сочинений$eВ 5 т.$fИлья Ильф, Евгений Петров$g[Вступ. ст. Б. Галанова, с. 5-21$gКоммент. А. Вулиса, Б. Галанова]$vТ. 4
_1700#1$aИльф$bИ.А.$gИлья Арнольдович$f1897-1937
_97263049
_aИльф, И.А. (1897-1937)
_cМ.
_d1994-
_fИлья Ильф, Евгений Петров
_nХудож. лит.
_oВ 5 т.
_tСобрание сочинений
_y528002838X
_vТ. 4
801 0 _aRU
_bNLR
_gpsbo
801 1 _aRU
_bELAR
_2rusmarc
852 _aNLR
_j94-3/4009
942 _cBOOK
980 _aNB